| 000 | 00995nam a22002417a 4500 | ||
|---|---|---|---|
| 005 | 20180803170217.0 | ||
| 008 | 160201b2013 ag ao |r|||| 00| 0 spa d | ||
| 020 | _a9789874531605 | ||
| 040 |
_aCO-BoIAVH _cCO-BoIAVH |
||
| 041 | 0 | _aspa | |
| 044 | _ack | ||
| 082 | 0 | 4 |
_a578.74 _bM33c |
| 100 | 1 | _aMarino, Gustavo D. | |
| 245 | 1 | 4 |
_aLos cambios de la vegetación del pastizal. _bLa base para aplicar buenas prácticas ganaderas productivas y conservacionistas / _cpor Gustavo D. Marino, María Florencia Morales y Leandro Sosa |
| 260 |
_aBuenos Aires (Argentina) : _bAves Argentinas - Asociación Ornitológica del Plata : _bFundación Vida Silvestre Argentina, _c2013. |
||
| 300 |
_a20 páginas : _bilustraciones, fotografías a color ; _c21 x 15 cm. |
||
| 650 | 6 | _aPastizales | |
| 650 | 6 |
_aGanadería _xBuenas prácticas |
|
| 650 | 6 | _aForrajes | |
| 700 | 1 | _aMorales, María Florencia | |
| 700 | 1 | _aSosa, Leandro Leonel | |
| 942 |
_2ddc _cFolleto |
||
| 999 |
_c18064 _d18064 |
||